Fomentar la coordinación de las políticas económicas en América Latina (Registro nro. 6683)
[ vista simple ]
| 000 -LEADER | |
|---|---|
| fixed length control field | 01636 a2200217 4500 |
| 001 - CONTROL NUMBER | |
| control field | 59429 |
| 005 - DATE AND TIME OF LATEST TRANSACTION | |
| control field | 20260407155848.0 |
| 008 - FIXED-LENGTH DATA ELEMENTS--GENERAL INFORMATION | |
| fixed length control field | 260407a2005 arg spa d |
| 003 - CONTROL NUMBER IDENTIFIER | |
| control field | AR-UNSa-BCEJYS |
| 040 ## - CATALOGING SOURCE | |
| Original cataloging agency | AR-UNSa-BCEJYS |
| Language of cataloging | spa |
| Transcribing agency | AR-UNSa-BCEJYS |
| 080 ## - UNIVERSAL DECIMAL CLASSIFICATION NUMBER | |
| Universal Decimal Classification number | 339.92 |
| Common auxiliary subdivision | Cooperación económica internacional. Integración económica internacional |
| 020 ## - INTERNATIONAL STANDARD BOOK NUMBER | |
| International Standard Book Number | 92-1-322680-2 |
| 041 ## - LANGUAGE CODE | |
| Language code of text/sound track or separate title | spa |
| 100 1# - MAIN ENTRY--PERSONAL NAME | |
| Personal name | Ghymers, Christian |
| 245 10 - TITLE STATEMENT | |
| Title | Fomentar la coordinación de las políticas económicas en América Latina |
| Name of part/section of a work | El método REDIMA para salir del dilema del prisionero |
| 264 #1 - PRODUCTION, PUBLICATION, DISTRIBUTION, MANUFACTURE, AND COPYRIGHT NOTICE | |
| Place of production, publication, distribution, manufacture | Santiago de Chile : |
| Name of producer, publisher, distributor, manufacturer | CEPAL (Comisión Económica para América Latina y el Caribe) |
| Date of production, publication, distribution, manufacture, or copyright notice | 2005 |
| 300 ## - PHYSICAL DESCRIPTION | |
| Extent | 174 p. |
| Dimensions | 23 cm. |
| 505 ## - FORMATTED CONTENTS NOTE | |
| Formatted contents note | 1. "Lo que queda del día" en términos de teorías - 2. “Lo que le viento se llevó” en los intentos de coordinación internacional – 3. Historia del surgimiento del polo monetario europeo como resultado de la coordinación de las políticas económicas – 4. Filosofía general del modelo europeo de coordinación – 5. Principios generales derivados de casos concretos de coordinación – 6. Aplicabilidad en América Latina: el método REDIMA – 7. Tres obstáculos fundamentales para la cooperación – 8. Algunas orientaciones básicas para salir del “dilema del prisionero” en América Latina: la economía política de REDIMA – 9. Conclusiones operacionales: como aplicar las orientaciones de cooperación de REDIMA para enfrentar la inestabilidad macroeconómica en América Latina – 10. El experimento REDIMA I (2000-2003) |
| 590 ## - LOCAL NOTE (RLIN) | |
| Local note | niveau_biblio:m niveau_hierar:0 |
| 942 ## - ADDED ENTRY ELEMENTS (KOHA) | |
| Koha item type | |
| Withdrawn status | Lost status | Damaged status | Not for loan | Home library | Current library | Shelving location | Date acquired | Total checkouts | Full call number | Barcode | Date last seen | Price effective from | Koha item type |
|---|---|---|---|---|---|---|---|---|---|---|---|---|---|
| Biblioteca Prof. Eusebio Cleto del Rey | Biblioteca Prof. Eusebio Cleto del Rey | 07/04/2026 | 339.92 G411 | L116193 | 07/04/2026 | 07/04/2026 | Libro |